<?xml version="1.0" encoding="UTF-8"?>
<collection xmlns="http://www.loc.gov/MARC21/slim">
<record>
  <controlfield tag="001">163260</controlfield>
  <controlfield tag="005">20251024172258.0</controlfield>
  <datafield tag="024" ind1="7" ind2=" ">
    <subfield code="2">doi</subfield>
    <subfield code="a">10.1016/j.jallcom.2025.184080</subfield>
  </datafield>
  <datafield tag="024" ind1="8" ind2=" ">
    <subfield code="2">sideral</subfield>
    <subfield code="a">145739</subfield>
  </datafield>
  <datafield tag="037" ind1=" " ind2=" ">
    <subfield code="a">ART-2025-145739</subfield>
  </datafield>
  <datafield tag="041" ind1=" " ind2=" ">
    <subfield code="a">eng</subfield>
  </datafield>
  <datafield tag="100" ind1=" " ind2=" ">
    <subfield code="a">Özçelik, S.</subfield>
  </datafield>
  <datafield tag="245" ind1=" " ind2=" ">
    <subfield code="a">Structural, magnetic, and blood compatibility studies of Nickel-Copper nanoferrites produced by laser ablation technique</subfield>
  </datafield>
  <datafield tag="260" ind1=" " ind2=" ">
    <subfield code="c">2025</subfield>
  </datafield>
  <datafield tag="520" ind1="3" ind2=" ">
    <subfield code="a">This study explores the effects of Cu substitution on the structural, morphological, and magnetic properties of nickel ferrite nanoparticles, Ni1-xCuxFe2O4, where x = 0.25, 0.50, and 0.75. SEM analysis revealed that the particles are spherical with an average size of 7 nm. The Nickel-Copper ferrite nanoparticles presented a characteristic XRD diffraction corresponding to the cubic spinel structure of the Fd3m space group, with no secondary phases formed due to Cu substitution. The crystal sizes of Ni-Cu spinel ferrites were calculated via Debye-Scherrer formula to be between 44.9 and 52 nm. FT-IR results indicated an increase in the force constants of octahedral and tetrahedral bonds with higher Cu content, as evidenced by the main vibration bands. M-H curves displayed S-shaped behavior, suggesting that Cu substitution does not cause drastic changes in magnetic properties. The coercivity field (Hc), saturation magnetization (MS), and remanent magnetization (Mr) values ranged between 13.54 and 6.14 Oe, 48.8–52.7 emu/g, and 0.57–1.14 emu/g, respectively. Blood compatibility experiments showed that the Ni0.25Cu0.75Fe2O4 composition exhibited the highest blood compatibility at low concentrations among the studied samples.</subfield>
  </datafield>
  <datafield tag="540" ind1=" " ind2=" ">
    <subfield code="9">info:eu-repo/semantics/closedAccess</subfield>
    <subfield code="a">All rights reserved</subfield>
    <subfield code="u">http://www.europeana.eu/rights/rr-f/</subfield>
  </datafield>
  <datafield tag="655" ind1=" " ind2="4">
    <subfield code="a">info:eu-repo/semantics/article</subfield>
    <subfield code="v">info:eu-repo/semantics/publishedVersion</subfield>
  </datafield>
  <datafield tag="700" ind1=" " ind2=" ">
    <subfield code="a">Özçelik, C.</subfield>
    <subfield code="0">(orcid)0000-0002-8100-6417</subfield>
  </datafield>
  <datafield tag="700" ind1=" " ind2=" ">
    <subfield code="a">Ergin, I.</subfield>
  </datafield>
  <datafield tag="700" ind1=" " ind2=" ">
    <subfield code="a">Yalçin, B.</subfield>
  </datafield>
  <datafield tag="700" ind1=" " ind2=" ">
    <subfield code="a">Arda, L.</subfield>
  </datafield>
  <datafield tag="700" ind1=" " ind2=" ">
    <subfield code="a">Angurel, L. A.</subfield>
    <subfield code="u">Universidad de Zaragoza</subfield>
    <subfield code="0">(orcid)0000-0001-5685-2366</subfield>
  </datafield>
  <datafield tag="700" ind1=" " ind2=" ">
    <subfield code="a">de la Fuente, G. F.</subfield>
    <subfield code="0">(orcid)0000-0002-0500-1745</subfield>
  </datafield>
  <datafield tag="700" ind1=" " ind2=" ">
    <subfield code="a">Özçelik, B.</subfield>
  </datafield>
  <datafield tag="710" ind1="2" ind2=" ">
    <subfield code="1">5001</subfield>
    <subfield code="2">065</subfield>
    <subfield code="a">Universidad de Zaragoza</subfield>
    <subfield code="b">Dpto. Ciencia Tecnol.Mater.Fl.</subfield>
    <subfield code="c">Área Cienc.Mater. Ingen.Metal.</subfield>
  </datafield>
  <datafield tag="773" ind1=" " ind2=" ">
    <subfield code="g">1042 (2025), 184080 [8 pp.]</subfield>
    <subfield code="p">J. alloys compd.</subfield>
    <subfield code="t">JOURNAL OF ALLOYS AND COMPOUNDS</subfield>
    <subfield code="x">0925-8388</subfield>
  </datafield>
  <datafield tag="856" ind1="4" ind2=" ">
    <subfield code="s">4041243</subfield>
    <subfield code="u">http://zaguan.unizar.es/record/163260/files/texto_completo.pdf</subfield>
    <subfield code="y">Versión publicada</subfield>
  </datafield>
  <datafield tag="856" ind1="4" ind2=" ">
    <subfield code="s">2522364</subfield>
    <subfield code="u">http://zaguan.unizar.es/record/163260/files/texto_completo.jpg?subformat=icon</subfield>
    <subfield code="x">icon</subfield>
    <subfield code="y">Versión publicada</subfield>
  </datafield>
  <datafield tag="909" ind1="C" ind2="O">
    <subfield code="o">oai:zaguan.unizar.es:163260</subfield>
    <subfield code="p">articulos</subfield>
    <subfield code="p">driver</subfield>
  </datafield>
  <datafield tag="951" ind1=" " ind2=" ">
    <subfield code="a">2025-10-24-16:55:57</subfield>
  </datafield>
  <datafield tag="980" ind1=" " ind2=" ">
    <subfield code="a">ARTICLE</subfield>
  </datafield>
</record>
</collection>